[Event "April 9 Early 2024"]
[Site "Chess.com"]
[Date "2024.04.09"]
[Round "5"]
[White "Riehle, Marco"]
[Black "Wael Sabry, Mina"]
[Result "1-0"]
[Board "67"]
[WhiteFideId "12904392"]
[BlackFideId "10670173"]
[WhiteTitle "FM"]
[BlackTitle "CM"]
[WhiteElo "2788"]
[BlackElo "2449"]
[WhiteTeam "GER"]
[BlackTeam "EGY"]
[WhiteClock "0:01:22"]
[BlackClock "0:00:52"]
[Variant "Standard"]

1. e4 {[%clk 0:02:57]}  c5 {[%clk 0:02:59]} 2. a3 {[%clk 0:02:57]}  Nc6 {[%clk 0:02:55]} 3. b4 {[%clk 0:02:57]}  cxb4 {[%clk 0:02:55]} 4. axb4 {[%clk 0:02:57]}  d5 {[%clk 0:02:56]} 5. b5 {[%clk 0:02:57]}  Nd4 {[%clk 0:02:53]} 6. c3 {[%clk 0:02:57]}  Ne6 {[%clk 0:02:53]} 7. e5 {[%clk 0:02:56]}  g6 {[%clk 0:02:52]} 8. d4 {[%clk 0:02:56]}  Bg7 {[%clk 0:02:53]} 9. f4 {[%clk 0:02:56]}  Nh6 {[%clk 0:02:51]} 10. Nf3 {[%clk 0:02:52]}  O-O {[%clk 0:02:45]} 11. Bd3 {[%clk 0:02:50]}  f6 {[%clk 0:02:38]} 12. O-O {[%clk 0:02:45]}  fxe5 {[%clk 0:02:38]} 13. fxe5 {[%clk 0:02:45]}  Nf5 {[%clk 0:02:39]} 14. g4 {[%clk 0:02:40]}  Nh6 {[%clk 0:02:27]} 15. h3 {[%clk 0:02:40]}  Qb6 {[%clk 0:02:22]} 16. Be3 {[%clk 0:02:33]}  Bd7 {[%clk 0:02:19]} 17. Qb3 {[%clk 0:02:27]}  Nc7 {[%clk 0:02:17]} 18. Na3 {[%clk 0:02:18]}  Nf7 {[%clk 0:02:17]} 19. Rab1 {[%clk 0:02:15]}  Nxe5 {[%clk 0:02:15]} 20. Nxe5 {[%clk 0:02:14]}  Bxe5 {[%clk 0:02:14]} 21. Bh6 {[%clk 0:02:10]}  Bg7 {[%clk 0:01:55]} 22. Bxg7 {[%clk 0:02:10]}  Kxg7 {[%clk 0:01:56]} 23. Nc2 {[%clk 0:02:05]}  e5 {[%clk 0:01:54]} 24. Kg2 {[%clk 0:02:02]}  e4 {[%clk 0:01:53]} 25. Be2 {[%clk 0:02:01]}  Rxf1 {[%clk 0:01:53]} 26. Rxf1 {[%clk 0:02:02]}  Bxb5 {[%clk 0:01:48]} 27. Qb4 {[%clk 0:01:57]}  Re8 {[%clk 0:01:47]} 28. Bxb5 {[%clk 0:01:53]}  Qxb5 {[%clk 0:01:33]} 29. Qd6 {[%clk 0:01:53]}  Qc6 {[%clk 0:01:33]} 30. Qf4 {[%clk 0:01:51]}  Qd7 {[%clk 0:01:18]} 31. Ne3 {[%clk 0:01:31]}  Qe7 {[%clk 0:01:15]} 32. Qg3 {[%clk 0:01:31]}  Qd7 {[%clk 0:01:00]} 33. g5 {[%clk 0:01:27]}  Nb5 {[%clk 0:00:58]} 34. Ng4 {[%clk 0:01:24]}  Rf8 {[%clk 0:00:54]} 35. Qe5+ {[%clk 0:01:22]}  Kg8 {[%clk 0:00:52]} 36. Nh6# {[%clk 0:01:22]} 1-0

[Event "April 9 Early 2024"]
[Site "Chess.com"]
[Date "2024.04.09"]
[Round "5"]
[White "Rees, Ioan"]
[Black "Schnaider, Ilan"]
[Result "0-1"]
[Board "70"]
[WhiteFideId "1801236"]
[BlackFideId "169013"]
[WhiteTitle "FM"]
[BlackTitle "FM"]
[WhiteElo "2440"]
[BlackElo "2766"]
[WhiteTeam "WLS"]
[BlackTeam "ARG"]
[WhiteClock "0:02:18"]
[BlackClock "0:03:02"]
[Variant "Standard"]

1. e4 {[%clk 0:02:57]}  c5 {[%clk 0:02:59]} 2. Nf3 {[%clk 0:02:56]}  d6 {[%clk 0:02:59]} 3. Bb5+ {[%clk 0:02:56]}  Bd7 {[%clk 0:02:59]} 4. Bxd7+ {[%clk 0:02:54]}  Qxd7 {[%clk 0:03:00]} 5. O-O {[%clk 0:02:52]}  Nf6 {[%clk 0:03:00]} 6. Re1 {[%clk 0:02:49]}  Nc6 {[%clk 0:03:00]} 7. c3 {[%clk 0:02:47]}  e6 {[%clk 0:03:01]} 8. d4 {[%clk 0:02:47]}  cxd4 {[%clk 0:03:02]} 9. cxd4 {[%clk 0:02:48]}  d5 {[%clk 0:03:02]} 10. e5 {[%clk 0:02:46]}  Ne4 {[%clk 0:03:03]} 11. Nbd2 {[%clk 0:02:46]}  Nxd2 {[%clk 0:03:04]} 12. Bxd2 {[%clk 0:02:46]}  Be7 {[%clk 0:03:05]} 13. Rc1 {[%clk 0:02:44]}  O-O {[%clk 0:03:05]} 14. h4 {[%clk 0:02:40]}  h6 {[%clk 0:03:06]} 15. h5 {[%clk 0:02:38]}  f5 {[%clk 0:03:06]} 16. exf6 {[%clk 0:02:35]}  Rxf6 {[%clk 0:03:06]} 17. Ne5 {[%clk 0:02:31]}  Nxe5 {[%clk 0:03:06]} 18. Rxe5 {[%clk 0:02:31]}  Raf8 {[%clk 0:03:05]} 19. Re2 {[%clk 0:02:30]}  Bd6 {[%clk 0:03:04]} 20. Qc2 {[%clk 0:02:26]}  Qf7 {[%clk 0:03:03]} 21. Be1 {[%clk 0:02:20]}  Qxh5 {[%clk 0:03:02]} 22. g3 {[%clk 0:02:17]}  Bxg3 {[%clk 0:03:02]} 23. fxg3 {[%clk 0:02:18]}  Rf1+ {[%clk 0:03:02]} 24. Kg2 {[%clk 0:02:18]}  Qh1# {[%clk 0:03:02]} 0-1

[Event "April 9 Early 2024"]
[Site "Chess.com"]
[Date "2024.04.09"]
[Round "5"]
[White "Postny, Evgeny"]
[Black "Garcia Molina, Jose"]
[Result "1-0"]
[Board "71"]
[WhiteFideId "2804344"]
[BlackFideId "32030592"]
[WhiteTitle "GM"]
[BlackTitle "FM"]
[WhiteElo "2760"]
[BlackElo "2402"]
[WhiteTeam "ISR"]
[BlackTeam "ESP"]
[WhiteClock "0:00:35"]
[BlackClock "0:00:06"]
[Variant "Standard"]

1. e4 {[%clk 0:03:00]}  g6 {[%clk 0:02:57]} 2. d4 {[%clk 0:02:57]}  Bg7 {[%clk 0:02:55]} 3. c4 {[%clk 0:02:58]}  d6 {[%clk 0:02:52]} 4. Nf3 {[%clk 0:02:58]}  Nf6 {[%clk 0:02:49]} 5. Nc3 {[%clk 0:02:58]}  O-O {[%clk 0:02:46]} 6. Be2 {[%clk 0:02:58]}  e5 {[%clk 0:02:45]} 7. O-O {[%clk 0:02:57]}  Na6 {[%clk 0:02:45]} 8. Qc2 {[%clk 0:02:51]}  exd4 {[%clk 0:02:36]} 9. Nxd4 {[%clk 0:02:52]}  Nc5 {[%clk 0:02:36]} 10. Rd1 {[%clk 0:02:49]}  a5 {[%clk 0:02:35]} 11. b3 {[%clk 0:02:49]}  Re8 {[%clk 0:02:29]} 12. f3 {[%clk 0:02:48]}  c6 {[%clk 0:02:25]} 13. Bb2 {[%clk 0:02:42]}  Nh5 {[%clk 0:02:24]} 14. Bf1 {[%clk 0:02:41]}  Be5 {[%clk 0:02:20]} 15. g3 {[%clk 0:02:37]}  Qf6 {[%clk 0:02:14]} 16. Nce2 {[%clk 0:02:32]}  g5 {[%clk 0:02:05]} 17. Bg2 {[%clk 0:02:16]}  a4 {[%clk 0:01:44]} 18. Rab1 {[%clk 0:02:15]}  axb3 {[%clk 0:01:41]} 19. axb3 {[%clk 0:02:16]}  Ra2 {[%clk 0:01:42]} 20. Qc1 {[%clk 0:02:03]}  Nxb3 {[%clk 0:01:19]} 21. Nxb3 {[%clk 0:02:03]}  Rxb2 {[%clk 0:01:19]} 22. Rxb2 {[%clk 0:02:01]}  Bxb2 {[%clk 0:01:20]} 23. Qe3 {[%clk 0:02:00]}  Be6 {[%clk 0:01:14]} 24. Rxd6 {[%clk 0:01:46]}  Be5 {[%clk 0:01:11]} 25. Rd2 {[%clk 0:01:37]}  Bxc4 {[%clk 0:01:09]} 26. Nbd4 {[%clk 0:01:37]}  b5 {[%clk 0:01:05]} 27. Nf5 {[%clk 0:01:29]}  b4 {[%clk 0:00:56]} 28. Ned4 {[%clk 0:01:04]}  c5 {[%clk 0:00:45]} 29. Nc6 {[%clk 0:00:59]}  Qxc6 {[%clk 0:00:29]} 30. Qxg5+ {[%clk 0:00:59]}  Qg6 {[%clk 0:00:28]} 31. Rd8 {[%clk 0:00:55]}  Bd4+ {[%clk 0:00:17]} 32. Kh1 {[%clk 0:00:54]}  f6 {[%clk 0:00:13]} 33. Rxe8+ {[%clk 0:00:47]}  Kf7 {[%clk 0:00:12]} 34. Nd6+ {[%clk 0:00:41]}  Kg7 {[%clk 0:00:09]} 35. Qxg6+ {[%clk 0:00:41]}  hxg6 {[%clk 0:00:10]} 36. Nxc4 {[%clk 0:00:41]}  Kf7 {[%clk 0:00:10]} 37. Rb8 {[%clk 0:00:41]}  Ng7 {[%clk 0:00:09]} 38. Rb7+ {[%clk 0:00:38]}  Kf8 {[%clk 0:00:09]} 39. f4 {[%clk 0:00:38]}  Ne6 {[%clk 0:00:09]} 40. Bh3 {[%clk 0:00:39]}  f5 {[%clk 0:00:08]} 41. exf5 {[%clk 0:00:38]}  gxf5 {[%clk 0:00:09]} 42. Bxf5 {[%clk 0:00:39]}  Ng7 {[%clk 0:00:09]} 43. Bg4 {[%clk 0:00:38]}  Bc3 {[%clk 0:00:06]} 44. h4 {[%clk 0:00:35]} 1-0

[Event "April 9 Early 2024"]
[Site "Chess.com"]
[Date "2024.04.10"]
[Round "5"]
[White "Aakash G"]
[Black "Cahaya, Satria Duta"]
[Result "0-1"]
[Board "73"]
[WhiteFideId "25644394"]
[BlackFideId "7124252"]
[WhiteTitle "CM"]
[BlackTitle "FM"]
[WhiteElo "2311"]
[BlackElo "2745"]
[WhiteTeam "IND"]
[BlackTeam "INA"]
[WhiteClock "0:01:19"]
[BlackClock "0:00:13"]
[Variant "Standard"]

1. d4 {[%clk 0:02:46]}  f6 {[%clk 0:02:13]} 2. Nf3 {[%clk 0:02:42]}  d5 {[%clk 0:02:12]} 3. c4 {[%clk 0:02:37]}  e6 {[%clk 0:02:12]} 4. cxd5 {[%clk 0:02:37]}  exd5 {[%clk 0:02:13]} 5. Nc3 {[%clk 0:02:29]}  c6 {[%clk 0:02:12]} 6. Bf4 {[%clk 0:02:28]}  Bd6 {[%clk 0:02:12]} 7. Bxd6 {[%clk 0:02:27]}  Qxd6 {[%clk 0:02:13]} 8. e3 {[%clk 0:02:27]}  Ne7 {[%clk 0:02:14]} 9. Bd3 {[%clk 0:02:28]}  O-O {[%clk 0:02:14]} 10. O-O {[%clk 0:02:27]}  Bf5 {[%clk 0:02:15]} 11. Bxf5 {[%clk 0:02:25]}  Nxf5 {[%clk 0:02:16]} 12. Qb3 {[%clk 0:02:25]}  Nd7 {[%clk 0:02:11]} 13. e4 {[%clk 0:02:25]}  Ne7 {[%clk 0:02:10]} 14. Rfe1 {[%clk 0:02:24]}  Nb6 {[%clk 0:02:03]} 15. a4 {[%clk 0:02:19]}  Kh8 {[%clk 0:00:43]} 16. exd5 {[%clk 0:02:13]}  Nbxd5 {[%clk 0:00:38]} 17. Ne4 {[%clk 0:02:09]}  Qc7 {[%clk 0:00:26]} 18. Nc5 {[%clk 0:02:08]}  Rfb8 {[%clk 0:00:26]} 19. Re4 {[%clk 0:02:04]}  Nf5 {[%clk 0:00:23]} 20. Rae1 {[%clk 0:02:03]}  Nd6 {[%clk 0:00:23]} 21. Re6 {[%clk 0:02:01]}  a5 {[%clk 0:00:23]} 22. Qb4 {[%clk 0:01:55]}  axb4 {[%clk 0:00:20]} 23. h4 {[%clk 0:01:53]}  Nf5 {[%clk 0:00:19]} 24. h5 {[%clk 0:01:52]}  Nf4 {[%clk 0:00:19]} 25. R6e4 {[%clk 0:01:51]}  Kg8 {[%clk 0:00:15]} 26. g4 {[%clk 0:01:42]}  Nh6 {[%clk 0:00:14]} 27. Re7 {[%clk 0:01:42]}  Nh3+ {[%clk 0:00:09]} 28. Kg2 {[%clk 0:01:41]}  Qf4 {[%clk 0:00:10]} 29. Rxg7+ {[%clk 0:01:33]}  Kxg7 {[%clk 0:00:10]} 30. Ne6+ {[%clk 0:01:33]}  Kf7 {[%clk 0:00:10]} 31. Nxf4 {[%clk 0:01:33]}  Nxf4+ {[%clk 0:00:11]} 32. Kg3 {[%clk 0:01:33]}  Nd5 {[%clk 0:00:12]} 33. g5 {[%clk 0:01:32]}  Rg8 {[%clk 0:00:13]} 34. Kh4 {[%clk 0:01:30]}  Nf5+ {[%clk 0:00:12]} 35. Kg4 {[%clk 0:01:29]}  Nfe7 {[%clk 0:00:12]} 36. b3 {[%clk 0:01:24]}  Rg7 {[%clk 0:00:12]} 37. h6 {[%clk 0:01:23]}  Rg6 {[%clk 0:00:12]} 38. Kh5 {[%clk 0:01:23]}  Rag8 {[%clk 0:00:12]} 39. gxf6 {[%clk 0:01:20]}  Nxf6+ {[%clk 0:00:12]} 40. Kh4 {[%clk 0:01:19]}  Rxh6# {[%clk 0:00:13]} 0-1

[Event "April 9 Early 2024"]
[Site "Chess.com"]
[Date "2024.04.09"]
[Round "5"]
[White "Begunov, Konstantin"]
[Black "Marina Kaydanovich"]
[Result "1-0"]
[Board "74"]
[WhiteFideId "4118510"]
[BlackFideId "4134877"]
[WhiteTitle "FM"]
[BlackTitle "WIM"]
[WhiteElo "2542"]
[BlackElo "2261"]
[WhiteTeam "RUS"]
[BlackTeam "RUS"]
[WhiteClock "0:00:10"]
[BlackClock "0:01:20"]
[Variant "Standard"]

1. d4 {[%clk 0:03:00]}  d6 {[%clk 0:02:57]} 2. c4 {[%clk 0:03:00]}  Nf6 {[%clk 0:02:55]} 3. Nc3 {[%clk 0:03:01]}  g6 {[%clk 0:02:54]} 4. e4 {[%clk 0:03:00]}  Bg7 {[%clk 0:02:52]} 5. f3 {[%clk 0:03:00]}  O-O {[%clk 0:02:48]} 6. Be3 {[%clk 0:03:01]}  c5 {[%clk 0:02:46]} 7. dxc5 {[%clk 0:03:02]}  dxc5 {[%clk 0:02:44]} 8. Qxd8 {[%clk 0:03:03]}  Rxd8 {[%clk 0:02:42]} 9. Bxc5 {[%clk 0:03:03]}  Nc6 {[%clk 0:02:40]} 10. Nd5 {[%clk 0:03:04]}  Nd7 {[%clk 0:02:37]} 11. Nxe7+ {[%clk 0:03:03]}  Nxe7 {[%clk 0:02:36]} 12. Bxe7 {[%clk 0:03:04]}  Re8 {[%clk 0:02:35]} 13. Ba3 {[%clk 0:03:04]}  Ne5 {[%clk 0:02:32]} 14. O-O-O {[%clk 0:02:56]}  f5 {[%clk 0:02:29]} 15. c5 {[%clk 0:02:04]}  Be6 {[%clk 0:02:27]} 16. Bb5 {[%clk 0:01:59]}  Rec8 {[%clk 0:02:23]} 17. exf5 {[%clk 0:01:40]}  Bh6+ {[%clk 0:02:18]} 18. Kb1 {[%clk 0:01:35]}  Bxf5+ {[%clk 0:02:17]} 19. Ka1 {[%clk 0:01:34]}  Kh8 {[%clk 0:02:13]} 20. Ne2 {[%clk 0:01:11]}  a6 {[%clk 0:02:12]} 21. Ba4 {[%clk 0:01:10]}  Nc4 {[%clk 0:02:09]} 22. Bb4 {[%clk 0:01:03]}  Bg7 {[%clk 0:02:08]} 23. Bc3 {[%clk 0:00:58]}  Rxc5 {[%clk 0:02:06]} 24. Bxg7+ {[%clk 0:00:52]}  Kxg7 {[%clk 0:02:07]} 25. Nd4 {[%clk 0:00:51]}  b5 {[%clk 0:02:05]} 26. Bb3 {[%clk 0:00:45]}  Rac8 {[%clk 0:01:57]} 27. Bxc4 {[%clk 0:00:39]}  Rxc4 {[%clk 0:01:56]} 28. Nxf5+ {[%clk 0:00:39]}  gxf5 {[%clk 0:01:56]} 29. Kb1 {[%clk 0:00:39]}  Rc2 {[%clk 0:01:53]} 30. Rc1 {[%clk 0:00:37]}  R2c6 {[%clk 0:01:48]} 31. Rhd1 {[%clk 0:00:28]}  Kg6 {[%clk 0:01:45]} 32. a3 {[%clk 0:00:20]}  h5 {[%clk 0:01:40]} 33. f4 {[%clk 0:00:19]}  h4 {[%clk 0:01:38]} 34. Rd6+ {[%clk 0:00:14]}  Rxd6 {[%clk 0:01:36]} 35. Rxc8 {[%clk 0:00:15]}  Rd2 {[%clk 0:01:34]} 36. Kc1 {[%clk 0:00:14]}  Rf2 {[%clk 0:01:32]} 37. Rc6+ {[%clk 0:00:13]}  Kh5 {[%clk 0:01:30]} 38. g3 {[%clk 0:00:13]}  h3 {[%clk 0:01:27]} 39. Rf6 {[%clk 0:00:13]}  Rxh2 {[%clk 0:01:25]} 40. Rxf5+ {[%clk 0:00:13]}  Kg4 {[%clk 0:01:23]} 41. Rg5+ {[%clk 0:00:13]}  Kf3 {[%clk 0:01:22]} 42. Rh5 {[%clk 0:00:11]}  Kxg3 {[%clk 0:01:20]} 43. f5 {[%clk 0:00:10]} 1-0

[Event "April 9 Early 2024"]
[Site "Chess.com"]
[Date "2024.04.09"]
[Round "5"]
[White "Fier, Alexandr"]
[Black "Camacho Collados, Jose"]
[Result "1-0"]
[Board "81"]
[WhiteFideId "2107139"]
[BlackFideId "2265427"]
[WhiteTitle "GM"]
[BlackTitle "IM"]
[WhiteElo "2866"]
[BlackElo "2615"]
[WhiteTeam "BRA"]
[BlackTeam "WLS"]
[WhiteClock "0:01:09"]
[BlackClock "0:00:02"]
[Variant "Standard"]

1. d4 {[%clk 0:03:00]}  Nf6 {[%clk 0:02:57]} 2. Bg5 {[%clk 0:03:01]}  Ne4 {[%clk 0:02:57]} 3. h4 {[%clk 0:03:02]}  d5 {[%clk 0:02:56]} 4. Nd2 {[%clk 0:03:01]}  Bf5 {[%clk 0:02:54]} 5. f3 {[%clk 0:03:01]}  Ng3 {[%clk 0:02:53]} 6. Rh2 {[%clk 0:03:00]}  Qd6 {[%clk 0:02:47]} 7. e3 {[%clk 0:02:56]}  Nxf1 {[%clk 0:02:32]} 8. Nxf1 {[%clk 0:02:57]}  e5 {[%clk 0:02:30]} 9. c3 {[%clk 0:02:51]}  h6 {[%clk 0:02:24]} 10. dxe5 {[%clk 0:02:51]}  Qb6 {[%clk 0:02:23]} 11. Bf4 {[%clk 0:02:49]}  Qxb2 {[%clk 0:02:23]} 12. Ne2 {[%clk 0:02:46]}  Nc6 {[%clk 0:02:13]} 13. Rc1 {[%clk 0:02:44]}  Ba3 {[%clk 0:01:53]} 14. g4 {[%clk 0:02:32]}  Bh7 {[%clk 0:01:47]} 15. e4 {[%clk 0:02:23]}  O-O-O {[%clk 0:01:29]} 16. Nd4 {[%clk 0:02:20]}  Qb6 {[%clk 0:01:19]} 17. Rb1 {[%clk 0:02:08]}  Qc5 {[%clk 0:01:19]} 18. Qb3 {[%clk 0:01:53]}  Na5 {[%clk 0:01:12]} 19. Qc2 {[%clk 0:01:46]}  dxe4 {[%clk 0:01:08]} 20. Rb5 {[%clk 0:01:46]}  Qc4 {[%clk 0:00:48]} 21. Rxa5 {[%clk 0:01:45]}  exf3 {[%clk 0:00:44]} 22. Qb3 {[%clk 0:01:37]}  Qxb3 {[%clk 0:00:27]} 23. axb3 {[%clk 0:01:38]}  Be7 {[%clk 0:00:20]} 24. Rxa7 {[%clk 0:01:38]}  Bc5 {[%clk 0:00:14]} 25. Ra8+ {[%clk 0:01:31]}  Kd7 {[%clk 0:00:14]} 26. Rxd8+ {[%clk 0:01:32]}  Rxd8 {[%clk 0:00:14]} 27. Nxf3 {[%clk 0:01:33]}  Ke6 {[%clk 0:00:11]} 28. Rd2 {[%clk 0:01:33]}  Ra8 {[%clk 0:00:10]} 29. Nd4+ {[%clk 0:01:33]}  Bxd4 {[%clk 0:00:10]} 30. cxd4 {[%clk 0:01:32]}  Ra1+ {[%clk 0:00:08]} 31. Kf2 {[%clk 0:01:32]}  Be4 {[%clk 0:00:07]} 32. Ne3 {[%clk 0:01:32]}  c6 {[%clk 0:00:07]} 33. Rb2 {[%clk 0:01:25]}  Rh1 {[%clk 0:00:06]} 34. b4 {[%clk 0:01:22]}  b5 {[%clk 0:00:04]} 35. h5 {[%clk 0:01:15]}  Rc1 {[%clk 0:00:03]} 36. Ra2 {[%clk 0:01:14]}  Rb1 {[%clk 0:00:03]} 37. Ra8 {[%clk 0:01:14]}  Rxb4 {[%clk 0:00:02]} 38. Rd8 {[%clk 0:01:12]}  Rb2+ {[%clk 0:00:01]} 39. Kg3 {[%clk 0:01:12]}  Rb3 {[%clk 0:00:01]} 40. g5 {[%clk 0:01:10]}  hxg5 {[%clk 0:00:01]} 41. Bxg5 {[%clk 0:01:11]}  f6 {[%clk 0:00:01]} 42. exf6 {[%clk 0:01:10]}  gxf6 {[%clk 0:00:02]} 43. Bh6 {[%clk 0:01:10]}  f5 {[%clk 0:00:02]} 44. Kf4 {[%clk 0:01:10]}  Ke7 {[%clk 0:00:02]} 45. Bg5+ {[%clk 0:01:09]}  Kf7 {[%clk 0:00:02]} 46. h6 {[%clk 0:01:10]}  Rb1 {[%clk 0:00:03]} 47. h7 {[%clk 0:01:10]}  Rf1+ {[%clk 0:00:03]} 48. Nxf1 {[%clk 0:01:09]}  Kg6 {[%clk 0:00:02]} 49. h8=Q {[%clk 0:01:09]} 1-0

[Event "April 9 Early 2024"]
[Site "Chess.com"]
[Date "2024.04.09"]
[Round "5"]
[White "Grutter, Tim"]
[Black "Miladinovic, Igor"]
[Result "0-1"]
[Board "82"]
[WhiteFideId "1057472"]
[BlackFideId "4203380"]
[WhiteTitle "FM"]
[BlackTitle "GM"]
[WhiteElo "2607"]
[BlackElo "2838"]
[WhiteTeam "NED"]
[BlackTeam "SRB"]
[WhiteClock "0:00:00"]
[BlackClock "0:00:44"]
[Variant "Standard"]

1. Nf3 {[%clk 0:03:00]}  d5 {[%clk 0:02:59]} 2. g3 {[%clk 0:03:01]}  Nc6 {[%clk 0:02:59]} 3. d4 {[%clk 0:03:00]}  Bf5 {[%clk 0:02:59]} 4. Bg2 {[%clk 0:03:00]}  Nb4 {[%clk 0:02:59]} 5. Na3 {[%clk 0:02:59]}  c6 {[%clk 0:03:00]} 6. O-O {[%clk 0:02:58]}  h6 {[%clk 0:02:59]} 7. c3 {[%clk 0:02:52]}  Na6 {[%clk 0:02:59]} 8. Ne5 {[%clk 0:02:52]}  Nf6 {[%clk 0:02:57]} 9. Qa4 {[%clk 0:02:49]}  Nc7 {[%clk 0:02:49]} 10. Bf4 {[%clk 0:02:47]}  g5 {[%clk 0:02:34]} 11. Nxc6 {[%clk 0:02:28]}  bxc6 {[%clk 0:02:33]} 12. Qxc6+ {[%clk 0:02:27]}  Bd7 {[%clk 0:02:33]} 13. Bxc7 {[%clk 0:02:26]}  Bxc6 {[%clk 0:02:32]} 14. Bxd8 {[%clk 0:02:25]}  Rxd8 {[%clk 0:02:32]} 15. Nc2 {[%clk 0:02:09]}  e6 {[%clk 0:02:32]} 16. a4 {[%clk 0:02:07]}  Bd6 {[%clk 0:02:26]} 17. b4 {[%clk 0:02:05]}  Rc8 {[%clk 0:02:24]} 18. Rfc1 {[%clk 0:02:01]}  a6 {[%clk 0:02:19]} 19. Ne1 {[%clk 0:01:58]}  Ne4 {[%clk 0:02:12]} 20. Nd3 {[%clk 0:01:52]}  Nd2 {[%clk 0:02:11]} 21. Rc2 {[%clk 0:01:45]}  Nc4 {[%clk 0:02:11]} 22. e3 {[%clk 0:01:24]}  Ke7 {[%clk 0:02:06]} 23. Bf1 {[%clk 0:01:24]}  Nb6 {[%clk 0:01:56]} 24. Nc5 {[%clk 0:01:14]}  Bxc5 {[%clk 0:01:53]} 25. dxc5 {[%clk 0:01:15]}  Nc4 {[%clk 0:01:51]} 26. Rcc1 {[%clk 0:01:02]}  Rc7 {[%clk 0:01:48]} 27. Rcb1 {[%clk 0:00:56]}  Rb8 {[%clk 0:01:48]} 28. Be2 {[%clk 0:00:52]}  f5 {[%clk 0:01:40]} 29. Ra2 {[%clk 0:00:51]}  g4 {[%clk 0:01:39]} 30. Kf1 {[%clk 0:00:50]}  Ra7 {[%clk 0:01:17]} 31. Ke1 {[%clk 0:00:39]}  Be8 {[%clk 0:01:16]} 32. Rd1 {[%clk 0:00:32]}  Ne5 {[%clk 0:01:08]} 33. Rd4 {[%clk 0:00:23]}  Rc8 {[%clk 0:00:56]} 34. a5 {[%clk 0:00:08]}  Raa8 {[%clk 0:00:53]} 35. Rd1 {[%clk 0:00:06]}  Nc6 {[%clk 0:00:53]} 36. Bd3 {[%clk 0:00:04]}  Rc7 {[%clk 0:00:50]} 37. Rad2 {[%clk 0:00:04]}  Bd7 {[%clk 0:00:50]} 38. Bc2 {[%clk 0:00:04]}  Na7 {[%clk 0:00:49]} 39. Bb3 {[%clk 0:00:03]}  Bb5 {[%clk 0:00:49]} 40. Rc1 {[%clk 0:00:03]}  Nc6 {[%clk 0:00:49]} 41. Rcc2 {[%clk 0:00:02]}  Rb8 {[%clk 0:00:48]} 42. Rc1 {[%clk 0:00:02]}  Ne5 {[%clk 0:00:46]} 43. Rdc2 {[%clk 0:00:01]}  Nd3+ {[%clk 0:00:46]} 44. Kd2 {[%clk 0:00:02]}  Nxc1 {[%clk 0:00:47]} 45. Rxc1 {[%clk 0:00:02]}  Bd7 {[%clk 0:00:45]} 46. Kc2 {[%clk 0:00:00]}  e5 {[%clk 0:00:44]} 0-1

[Event "April 9 Early 2024"]
[Site "Chess.com"]
[Date "2024.04.09"]
[Round "5"]
[White "Sadykov, Ramil"]
[Black "Bartel, Mateusz"]
[Result "1-0"]
[Board "83"]
[WhiteFideId "24113590"]
[BlackFideId "1112635"]
[WhiteTitle "FM"]
[BlackTitle "GM"]
[WhiteElo "2605"]
[BlackElo "2824"]
[WhiteTeam "FID"]
[BlackTeam "POL"]
[WhiteClock "0:00:02"]
[BlackClock "0:00:00"]
[Variant "Standard"]

1. e4 {[%clk 0:02:59]}  c5 {[%clk 0:02:59]} 2. Nf3 {[%clk 0:02:59]}  a6 {[%clk 0:02:58]} 3. c4 {[%clk 0:02:57]}  Nc6 {[%clk 0:02:58]} 4. Nc3 {[%clk 0:02:53]}  Nf6 {[%clk 0:02:56]} 5. Be2 {[%clk 0:02:50]}  d6 {[%clk 0:02:48]} 6. O-O {[%clk 0:02:43]}  Bg4 {[%clk 0:02:46]} 7. d3 {[%clk 0:02:29]}  g6 {[%clk 0:02:39]} 8. Be3 {[%clk 0:02:17]}  Bxf3 {[%clk 0:02:37]} 9. Bxf3 {[%clk 0:02:16]}  Bg7 {[%clk 0:02:37]} 10. Rb1 {[%clk 0:02:11]}  Nd7 {[%clk 0:02:31]} 11. Qd2 {[%clk 0:02:02]}  O-O {[%clk 0:02:19]} 12. g3 {[%clk 0:01:53]}  Rb8 {[%clk 0:02:07]} 13. Bg2 {[%clk 0:01:42]}  b5 {[%clk 0:02:06]} 14. b3 {[%clk 0:01:40]}  b4 {[%clk 0:02:00]} 15. Ne2 {[%clk 0:01:35]}  Nd4 {[%clk 0:01:42]} 16. f4 {[%clk 0:01:05]}  e6 {[%clk 0:01:41]} 17. Rbe1 {[%clk 0:00:56]}  f5 {[%clk 0:01:37]} 18. h3 {[%clk 0:00:44]}  Kh8 {[%clk 0:01:37]} 19. Kh2 {[%clk 0:00:44]}  a5 {[%clk 0:01:31]} 20. Nxd4 {[%clk 0:00:34]}  cxd4 {[%clk 0:01:30]} 21. Bf2 {[%clk 0:00:32]}  Nc5 {[%clk 0:01:30]} 22. exf5 {[%clk 0:00:20]}  gxf5 {[%clk 0:01:30]} 23. Bf3 {[%clk 0:00:18]}  e5 {[%clk 0:01:20]} 24. Bd5 {[%clk 0:00:14]}  Qf6 {[%clk 0:01:10]} 25. Re2 {[%clk 0:00:10]}  Rbe8 {[%clk 0:00:35]} 26. Rfe1 {[%clk 0:00:09]}  Qg6 {[%clk 0:00:35]} 27. Qc2 {[%clk 0:00:01]}  Bf6 {[%clk 0:00:31]} 28. Qd2 {[%clk 0:00:01]}  h5 {[%clk 0:00:20]} 29. Bc6 {[%clk 0:00:01]}  Re7 {[%clk 0:00:20]} 30. fxe5 {[%clk 0:00:01]}  dxe5 {[%clk 0:00:19]} 31. Bxd4 {[%clk 0:00:01]}  exd4 {[%clk 0:00:19]} 32. Rxe7 {[%clk 0:00:01]}  Bxe7 {[%clk 0:00:19]} 33. Rxe7 {[%clk 0:00:02]}  Qxc6 {[%clk 0:00:00]} 34. Qg5 {[%clk 0:00:02]} 1-0